African Capitals by Bodies of Water - Statistics

General Stats
  • This quiz has been taken 72 times
  • The average score is 27 of 55
Answers on the Map
Answers color-coded by a green-red scale on the quiz's map according to % correct below.
 
Answer Stats
Country Body of Water Capital % Correct
South Africa Atlantic Ocean/False Bay/Indian Ocean Cape Town
98%
Mozambique Indian Ocean/Maputo Bay Maputo
97%
Somalia Indian Ocean Mogadishu
97%
Comoros Indian Ocean Moroni
97%
Mauritius Canal Anglais/Indian Ocean/Latanier River/Le Pouce Stream/Ruisseau Creole/Trou Fanfaron Harbour Port Louis
97%
Seychelles Indian Ocean/Riviere Anglaise Victoria
97%
Gambia Atlantic Ocean/Gambia River Banjul
95%
Guinea Atlantic Ocean/Sangareya Bay Conakry
93%
Senegal Atlantic Ocean Dakar
93%
Sierra Leone Atlantic Ocean/Cockerill Bay/Tagrin Bay Freetown
93%
Gabon Gabon Estuary/Atlantic Ocean Libreville
93%
Angola Atlantic Ocean/Luanda Bay/Rio Seco Luanda
93%
Liberia Atlantic Ocean/Mesurado River Monrovia
93%
Cabo Verde Atlantic Ocean/Porto da Praia Praia
93%
São Tomé and Príncipe Ana Chaves Bay/Atlantic Ocean São Tomé
93%
Libya Mediterranean Sea Tripoli
93%
Uganda Lake Victoria/Murchison Bay Kampala
87%
Egypt Nile River Cairo
85%
Sudan Nile River/Blue Nile River/White Nile River Khartoum
85%
Morocco Mediterranean Sea/Oued Bou Regreg Rabat
85%
Mauritania Mediterranean Sea Nouakchott
83%
Mali Niger River Bamako
82%
Republic of the Congo Congo River/Djoue River Brazzaville
82%
Democratic Republic of the Congo Basoko/Congo River/Makelele/Riviere Gombe Kinshasa
82%
Niger Niger River Niamey
82%
Benin Gulf of Guinea/Lagune de Cotonou/Lake Nokoue/Yewa Porto-Novo | Cotonou
68%
Ghana Gulf of Guinea/Korle Lagoon Accra
67%
Togo Gulf of Guinea/Lac Est/Lac Ouest Lome
67%
Equatorial Guinea Bahía de Santa Isabel/Bahía de Venus/Bahía del Nervión/Gulf of Guinea/Rio Consul/Rio San Nicolas Malabo
67%
South Sudan White Nile River Juba
27%
Kenya Nairobi River/Kischwa River Nairobi
17%
Central African Republic Ubangi River Bangui
13%
Malawi Lilongwe/Namanthanga Lilongwe
13%
Eswatini Mbabane River/Polinjane River Mbabane
7%
Chad Chari River/Logone River N'Djamena
7%
Tunisia Gulf of Tunis/Lake of Tunis/Sebkha Ariana/Sebkhet Sijoumi Tunis
7%
Ethiopia Akaki/Bulbula/Bantyketu/Kebena River Addis Ababa
5%
Algeria Bay of Algiers/Oued El Harrach Algiers
5%
Eritrea Mai Bela Asmara
3%
Djibouti Gulf of Oman/Gulf of Tadjoura Djibouti
3%
Botswana Botswana Dam/Ngotwane River/Segoditshane River Gaborone
3%
Rwanda Nyabugogo Kigali
3%
Namibia Arebbusch River/Gammams River/Goreangab Reservoir Windhoek
3%
Cameroon Bissai/Quartier du Lac/Yamso Yaoundé
3%
Nigeria Jabi Lake Abuja
2%
Madagascar Andranotapahina/Ikopa/Lac Mahazoarivo/Lac Masay Antananarivo
2%
Guinea-Bissau Rio Geba Bissau
2%
South Africa Bloemspruit/Bloudam/Loch Logan Bloemfontein
2%
Tanzania Kikuyu River Dodoma
2%
Zimbabwe Cleveland Dam/Gletwyn Harare
2%
Zambia Goma Lakes Lusaka
2%
Lesotho Maqalika Dam/Mohokare River Maseru
2%
Burkina Faso Barrage Ouagadougou
2%
South Africa Apies River/Bon Accord/Hartbeesspruit/Moretele/Onderstepoort/Rietvleidam/Sesmylspruit/Skinnerspruit/Walkerspruit Pretoria
2%
Ivory Coast Lac Ankojem/Lac de l'INP/10 Artificial Unnamed Lakes Yamoussoukro
2%
No matching quizzes found
Score Distribution
Percent of People with Each Score
Percentile by Number Answered
Your Score History
You have not taken this quiz